000 01356cam a2200373 i 4500
999 _c61308
_d61308
001 20419761
005 20240201174936.0
008 180326t20112006nyuabf b 001 0 eng
010 _a 2017301151
020 _a9781400030842X (pbk)
040 _aDLC
_beng
_erda
_cDLC
042 _apcc
043 _an-us---
050 0 0 _aHV6432.7
_b.W75 2011
082 _a355+343(73) W-96
100 1 _aWright, Lawrence,
_d1947-
_921177
245 1 4 _aThe looming tower :
_bAl-Qaeda and the road to 9/11 /
_cLawrence Wright.
250 _aFirst Vintage Books edition.
264 1 _aNew York :
_bVintage Books, a division of Random House, Inc.
264 4 _c©2007
300 _a550 pages, 16 unnumbered pages of plates :
_billustrations, maps ;
_c21 cm
336 _atext
_btxt
_2rdacontent
337 _aunmediated
_bn
_2rdamedia
338 _avolume
_bnc
_2rdacarrier
610 2 0 _aQaida (Organization)
_921178
650 0 _aSeptember 11 Terrorist Attacks, 2001.
_921179
650 0 _aTerrorism
_xGovernment policy
_zUnited States.
_921180
650 0 _aIntelligence service
_zUnited States.
_921181
653 _aტერორიზმი
653 _aდაზვერვის სამსახური
906 _a7
_bcbc
_corigcop
_d2
_encip
_f20
_gy-gencatlg
942 _2udc
_cᲬᲘᲒᲜᲘ
955 _brm11 2018-03-26 z-processor to USASH-SS